<?xml version="1.0" encoding="UTF-8"?><?xml-stylesheet type="text/xsl" href="static/style.xsl"?><OAI-PMH xmlns="http://www.openarchives.org/OAI/2.0/" xmlns:xsi="http://www.w3.org/2001/XMLSchema-instance" xsi:schemaLocation="http://www.openarchives.org/OAI/2.0/ http://www.openarchives.org/OAI/2.0/OAI-PMH.xsd"><responseDate>2026-04-26T21:59:05Z</responseDate><request verb="GetRecord" identifier="oai:uvadoc.uva.es:10324/25751" metadataPrefix="marc">https://uvadoc.uva.es/oai/request</request><GetRecord><record><header><identifier>oai:uvadoc.uva.es:10324/25751</identifier><datestamp>2021-06-29T19:07:44Z</datestamp><setSpec>com_10324_38</setSpec><setSpec>col_10324_852</setSpec></header><metadata><record xmlns="http://www.loc.gov/MARC21/slim" xmlns:doc="http://www.lyncode.com/xoai" xmlns:xsi="http://www.w3.org/2001/XMLSchema-instance" xmlns:dcterms="http://purl.org/dc/terms/" xsi:schemaLocation="http://www.loc.gov/MARC21/slim http://www.loc.gov/standards/marcxml/schema/MARC21slim.xsd">
<leader>00925njm 22002777a 4500</leader>
<datafield tag="042" ind1=" " ind2=" ">
<subfield code="a">dc</subfield>
</datafield>
<datafield tag="720" ind1=" " ind2=" ">
<subfield code="a">González Caballero, Gloria Isabel</subfield>
<subfield code="e">author</subfield>
</datafield>
<datafield tag="260" ind1=" " ind2=" ">
<subfield code="c">2017</subfield>
</datafield>
<datafield tag="520" ind1=" " ind2=" ">
<subfield code="a">Since Brexit is quite a recent event, few studies have been published so far and none have focused on either of the videos part of UKip’s Brexit campaign. This dissertation is focused on uncovering the ways in which UKip’s ideas are portrayed in one of their Brexit campaign videos entitled “We’re Better Off Out.” An introduction to multimodal critical discourse analysis is provided as well as a brief summary of this campaign. The methodology used primarily draws upon Machin and Mayr’s (2012) comprehensive toolkit as regards multimodal analysis to examine this video both textually and visually.</subfield>
</datafield>
<datafield tag="520" ind1=" " ind2=" ">
<subfield code="a">Puesto que el Brexit es un acontecimiento bastante reciente, se han publicado pocos estudios hasta el momento y ninguno de ellos se ha centrado en los vídeos de la campaña del Brexit de UKip. Este trabajo de fin de grado se centra en poner de manifiesto las maneras en que las ideas de este partido se reflejan en uno de sus vídeos de campaña llamado “We're Better Off Out.” A su vez, este trabajo comprende una introducción al análisis del discurso crítico multimodal, así como un breve resumen de la campaña del Brexit. La metodología empleada se basa principalmente en el conjunto de herramientas proporcionadas por Machin y Mayr (2012) en lo que respecta al análisis multimodal para analizar este vídeo tanto visual como textualmente.</subfield>
</datafield>
<datafield tag="024" ind2=" " ind1="8">
<subfield code="a">http://uvadoc.uva.es/handle/10324/25751</subfield>
</datafield>
<datafield tag="245" ind1="0" ind2="0">
<subfield code="a">“We’re better off out”: a multimodal critical discourse analysis of one of UKip’s videos during the Brexit campaign</subfield>
</datafield>
</record></metadata></record></GetRecord></OAI-PMH>